000 00544nam a2200205Ia 4500
005 20250923144502.0
008 008 250917s9999 xx 000 0 eng d
037 _aTextual
040 _aDSWL
_beng
_cDSWL
041 _aeng
_2eng
084 _qDSWL
100 _aOppler, Morris,E
_9825369
245 0 _aSocial aspects of technical assistance in operation
_cby Morris,E Oppler
260 _aParis
_bUnesco
_c1954
300 _a79p.
365 _aINR
_b4
925 _g4
942 _cTEXL
999 _c1439475
_d1439475